000 00339nam a2200157Ia 4500
008 210210b1956 xxu||||| |||| 00| 0 eng d
041 _aeng
082 _a869/297
100 _aSHUKLA (Ar)
245 _aKahAni ratna
260 _aVardh
_b-
_c1956
650 _aratna
650 _aKahAni
690 _aHindi Fiction
906 _a024096
999 _c149058
_d149058